MARC details
| 000 -LEADER |
| campo de control de longitud fija |
02919 a2200373 4500 |
| 003 - IDENTIFICADOR DE NÚMERO DE CONTROL |
| campo de control |
BJBSDDR |
| 005 - FECHA Y HORA DE LA ÚLTIMA TRANSACCIÓN |
| campo de control |
20251014151340.0 |
| 007 - CAMPO FIJO DE DESCRIPCIÓN FÍSICA--INFORMACIÓN GENERAL |
| campo de control de longitud fija |
ta |
| 008 - DATOS DE LONGITUD FIJA--INFORMACIÓN GENERAL |
| campo de control de longitud fija |
250630s2023 sp 00| 0 spa d |
| 020 ## - NÚMERO INTERNACIONAL ESTÁNDAR DEL LIBRO |
| Número Internacional Estándar del Libro |
9788449341328 |
| 020 ## - NÚMERO INTERNACIONAL ESTÁNDAR DEL LIBRO |
| Número Internacional Estándar del Libro |
8449341329 |
| 040 ## - FUENTE DE CATALOGACIÓN |
| Lengua de catalogación |
spa |
| Centro/agencia transcriptor |
BJBSDDR |
| 041 ## - CÓDIGO DE IDIOMA |
| Código de lengua del texto/banda sonora o título independiente |
spa |
| 050 14 - SIGNATURA TOPOGRÁFICA DE LA BIBLIOTECA DEL CONGRESO |
| Número de clasificación |
HB 501 |
| Número de ítem |
S634c 2023 |
| 100 1# - ENTRADA PRINCIPAL--NOMBRE DE PERSONA |
| Nombre de persona |
Slobodian, Quinn, |
| Fechas asociadas al nombre |
1978- |
| 9 (RLIN) |
39619 |
| 240 10 - TÍTULO UNIFORME |
| Título uniforme |
Crack-up capitalism. |
| Lenguaje de la obra |
Español |
| 245 13 - MENCIÓN DEL TÍTULO |
| Título |
El capitalismo de la fragmentación : |
| Resto del título |
el radicalismo de mercado y el sueño de un mundo sin democracia / |
| Mención de responsabilidad, etc. |
Quinn Slobodian ; Traducción de Albino Santos. |
| 260 ## - PUBLICACIÓN, DISTRIBUCIÓN, ETC. |
| Lugar de publicación, distribución, etc. |
Barcelona : |
| Nombre del editor, distribuidor, etc. |
Paidós, |
| Fecha de publicación, distribución, etc. |
2023. |
| 300 ## - DESCRIPCIÓN FÍSICA |
| Extensión |
429 páginas : |
| Otras características físicas |
ilustraciones ; |
| Dimensiones |
24 cm. |
| 490 1# - MENCIÓN DE SERIE |
| Mención de serie |
Paidós estado y sociedad |
| 500 ## - NOTA GENERAL |
| Nota general |
Traducido de: Crack-up capitalism : market radicals and the dream of a world without democracy. |
| 504 ## - NOTA DE BIBLIOGRAFÍA, ETC. |
| Nota de bibliografía, etc. |
Incluye referencias bibliográficas e índice. |
| 520 ## - RESUMEN, ETC. |
| Sumario, etc. |
Quinn Slobodian, historiador de las ideas, nos muestra cómo los partidarios del radicalismo de mercado están cumpliendo su principal objetivo: acabar con los Estados nación y con las limitaciones de la democracia. Una obra maestra de historia económica e intelectual.Los Estados nación dan un toque de color a los mapas, pero no suponen una verdadera fuente de poder.En esta última década, la globalización ha fragmentado el mapa en diferentes espacios jurídicos: puertos francos, paraísos fiscales, zonas económicas espaciales. Con estos nuevos espacios, los ultracapitalistas han empezado a creer que es posible escapar de las ataduras y la supervisión del gobierno democrático. El capitalismo de la fragmentación sigue la búsqueda por todo el mundo de los libertarios radicales más conocidos ―desde Milton Friedman a Peter Thiel― para encontrar el espacio perfecto para el capitalismo. El historiador Quinn Slobodian nos lleva del Hong Kong de la década de 1970 a la Sudáfrica de los últimos días del apartheid, del Sur neoconfederado a la antigua frontera del oeste estadounidense, de la ciudad medieval de Londres a las cámaras acorazadas de oro de los multimillonarios de derechas, y finalmente a los océanos y zonas de guerra del mundo, trazando una incesante cacería de un nuevo espacio donde la competencia de mercado no se vea obstaculizada por la democracia. El capitalismo de la fragmentación es una apasionante historia del pasado más reciente y una visión alarmante de nuestro futuro próximo |
| 650 #4 - PUNTO DE ACCESO ADICIONAL DE MATERIA--TÉRMINO DE MATERIA |
| Término de materia o nombre geográfico como elemento de entrada |
Capitalismo |
| 9 (RLIN) |
1776 |
| 650 #4 - PUNTO DE ACCESO ADICIONAL DE MATERIA--TÉRMINO DE MATERIA |
| Término de materia o nombre geográfico como elemento de entrada |
Capitalismo |
| Subdivisión general |
Aspectos políticos |
| 9 (RLIN) |
14618 |
| 650 #4 - PUNTO DE ACCESO ADICIONAL DE MATERIA--TÉRMINO DE MATERIA |
| Término de materia o nombre geográfico como elemento de entrada |
Democracia |
| 9 (RLIN) |
409 |
| 650 #4 - PUNTO DE ACCESO ADICIONAL DE MATERIA--TÉRMINO DE MATERIA |
| Término de materia o nombre geográfico como elemento de entrada |
Democracia |
| Subdivisión general |
Aspectos económicos |
| 9 (RLIN) |
9259 |
| 650 #4 - PUNTO DE ACCESO ADICIONAL DE MATERIA--TÉRMINO DE MATERIA |
| Término de materia o nombre geográfico como elemento de entrada |
Libre empresa |
| Subdivisión general |
Aspectos políticos |
| 9 (RLIN) |
30446 |
| 650 #4 - PUNTO DE ACCESO ADICIONAL DE MATERIA--TÉRMINO DE MATERIA |
| Término de materia o nombre geográfico como elemento de entrada |
Economía |
| Subdivisión general |
Aspectos políticos |
| 9 (RLIN) |
10639 |
| 700 1# - ENTRADA AGREGADA--NOMBRE PERSONAL |
| Nombre de persona |
Santos Mosquera, Albino, |
| Fechas asociadas al nombre |
1970- |
| 9 (RLIN) |
3439 |
| Término indicativo de función/relación |
traductor |
| 830 #0 - PUNTO DE ACCESO ADICIONAL DE SERIE-TÍTULO UNIFORME |
| Título uniforme |
Paidós estado y sociedad ; |
| 9 (RLIN) |
3438 |
| 942 ## - ELEMENTOS DE ENTRADA SECUNDARIOS (KOHA) |
| Fuente del sistema de clasificación o colocación |
Clasificación de Library of Congress |
| Tipo de ítem Koha |
Libro |
| 946 ## - PROCESAMIENTO DE INFORMACIÓN LOCAL (OCLC) |
| Iniciales del agente catalogador |
rmza |